Logistika (Supply Chain Management) pro 21. století : 3 diely, 1 CD-ROM
Guardado en:
| Autor principal: | |
|---|---|
| Formato: | Libro |
| Lenguaje: | checo |
| Publicado: |
Praha :
Radix,
2005
|
| Edición: | 1. vyd |
| Materias: | |
| Acceso en línea: | OBSAH OBSAH |
| Etiquetas: |
Sin Etiquetas, Sea el primero en etiquetar este registro!
|
MARC
| LEADER | 00000nam a22000003a 4500 | ||
|---|---|---|---|
| 001 | stu93611 | ||
| 005 | 20150617225615.1 | ||
| 008 | 050418s2005----xr------------------cze-d | ||
| 020 | |a 80-86031-59-4 | ||
| 040 | |a STU |b slo | ||
| 041 | 0 | |a cze | |
| 044 | |a xr | ||
| 080 | |a 658.7 | ||
| 080 | |a 65.012.34 | ||
| 100 | 1 | |a Pernica, Petr |4 aut | |
| 245 | 1 | |a Logistika (Supply Chain Management) pro 21. století : |b 3 diely, 1 CD-ROM | |
| 250 | |a 1. vyd | ||
| 260 | |a Praha : |b Radix, |c 2005 | ||
| 300 | |a 1698 s | ||
| 500 | |a CD-ROM obsahuje Výkladový slovník logistiky | ||
| 650 | 7 | |a logistika |2 stusub | |
| 856 | 4 | |a https://sweb.mtf.stuba.sk/obsahy/logistika_pro_21_stoleti_1_dil_04.pdf |u https://sweb.mtf.stuba.sk/obsahy/logistika_pro_21_stoleti_1_dil_04.pdf |3 OBSAH | |
| 856 | 4 | |a https://sweb.mtf.stuba.sk/obsahy/logistika_pro_21_stoleti_3_dil_04.pdf |u https://sweb.mtf.stuba.sk/obsahy/logistika_pro_21_stoleti_3_dil_04.pdf |3 OBSAH | |
| 996 | |b 284J033829 |c J*109629 |l JJST |s P |a 0 |w stu93611_0001 | ||
| 996 | |b 284J033830 |c J*109630 |l JJST |s P |a 0 |w stu93611_0002 | ||
| 996 | |b 284J033828 |c J*109628 |l JJST |s P |a 0 |w stu93611_0003 | ||
| 996 | |b 284M051453 |c M*11623/1-1 |l MMKN |s A |a 24 |w stu93611_0004 | ||
| 996 | |b 284M051454 |c M*11623/2-1 |l MMKN |s A |a 24 |w stu93611_0005 | ||
| 996 | |b 284M051455 |c M*11623/3-1 |l MMKN |s A |a 24 |w stu93611_0006 | ||
| 996 | |b 284M051456 |c M*CD-615 |l MMKN |s A |a 24 |w stu93611_0007 | ||